|
|
|
|
| LEADER |
00972pam a22002658a 4500 |
| 001 |
00044116 |
| 005 |
20190419150449.0 |
| 008 |
110506s1983 ||||||Viesd |
| 020 |
# |
# |
|a 978 604 969 365 6
|c 0
|
| 041 |
0 |
# |
|a Vie
|
| 082 |
1 |
4 |
|a 895.922 34
|b H561R
|
| 100 |
1 |
# |
|a Đỗ, Mỹ Anh
|
| 245 |
0 |
0 |
|b Truyện ký
|a Hương Rừng
|c Đỗ Mỹ Anh
|
| 260 |
# |
# |
|a Hà Nội
|b Văn học
|c 2018
|
| 300 |
# |
# |
|a 279 tr.
|c 21 cm.
|
| 500 |
# |
# |
|a ĐTTS ghi : Liên hiệp các hội văn học nghệ thuật Việt Nam. Hội văn học nghệ thuật các dân tộc thiểu số Việt Nam
|
| 653 |
# |
# |
|a Kí
|
| 653 |
# |
# |
|a Truyện ngắn
|
| 653 |
# |
# |
|a Tác phẩm
|
| 653 |
# |
# |
|a Việt Nam
|
| 653 |
# |
# |
|a Văn học dân gian
|
| 710 |
# |
# |
|a Hội Văn Nghệ dân gian Việt Nam
|
| 852 |
# |
# |
|j KD.0025727
|
| 910 |
# |
# |
|d 19/4/2019
|
| 980 |
# |
# |
|a Trung tâm Học liệu Lê Vũ Hùng, Trường Đại học Đồng Tháp
|